000 00460nam a2200193Ia 4500
005 20231031090020.0
008 131103s9999 xx 000 0 und d
020 _cRs.250
040 _aLoreto College
041 _aEnglish
082 _aF
_bSID
100 _aSidhwa,Bapsi
245 _aIce - candy man
_cBapsi Sidhwa
260 _aNew Delhi
_bPenguin Books
_c1988
300 _a277 p.
650 _aFiction in English
850 _aLCLIB
942 _cBK
999 _c15149
_d65628